000 00318nam a2200121Ia 4500
008 190216s9999||||xx |||||||||||||| ||und||
100 _aEmeleus H J & Sharpe
245 0 _aModern Aspects Of Inorganic Chemistry
260 _bUniversal Bookstall Newdelhi
_c1996
300 _a677p
650 _aChemistry
942 _cBK
999 _c2878
_d2878